Luật Xử Lý Vi Phạm Hành Chính 2013 (Có Hiệu Lực Từ 01-7-2013)

Na minha lista:
Detalhes bibliográficos
Autor principal: Không rõ
Formato: Livro
Idioma:Vietnamese
Publicado em: Lao Động 2013
Tags: Adicionar Tag
Sem tags, seja o primeiro a adicionar uma tag!
Thư viện lưu trữ: Mạng thư viện Đại học Đà Nẵng
LEADER 00658nam a2200277 4500
001 000026200
003 197
005 20150204120000.0
008 150204s vm 000 vie
020 |c 35000,0000 
040 |a D1 
100 |a Không rõ 
245 |a Luật Xử Lý Vi Phạm Hành Chính 2013 (Có Hiệu Lực Từ 01-7-2013) 
260 |b Lao Động  |c 2013 
300 |a 135tr. ; 
OWN |a LTT 
999 |a From the UDN01 
TYP |a Monograph 
TYP |a Printed language 
980 |a Mạng thư viện Đại học Đà Nẵng